Jonhson Steve (Record no. 536)
[ view plain ]
| 000 -LEADER | |
|---|---|
| fixed length control field | 00419nam a2200145Ia 4500 |
| 008 - FIXED-LENGTH DATA ELEMENTS--GENERAL INFORMATION | |
| fixed length control field | 151015s9999 xx 000 0 und d |
| 020 ## - INTERNATIONAL STANDARD BOOK NUMBER | |
| International Standard Book Number | 9.7802737194e+012 |
| 050 ## - LIBRARY OF CONGRESS CALL NUMBER | |
| Classification number | QA76.76.063J63752005 |
| 245 ## - TITLE STATEMENT | |
| Title | Jonhson Steve |
| 250 ## - EDITION STATEMENT | |
| Edition statement | _Brilliant Windows Vista ( 2nd ed) |
| 300 ## - PHYSICAL DESCRIPTION | |
| Extent | USA Pearson Education Ltd 2008 |
| 500 ## - GENERAL NOTE | |
| General note | Includes Index |
| 650 ## - SUBJECT ADDED ENTRY--TOPICAL TERM | |
| Topical term or geographic name as entry element | _Windows Programs |
| 700 ## - ADDED ENTRY--PERSONAL NAME | |
| Personal name | ^d20110118 04:00:59^okilerai |
No items available.